000 00346cam a2200169ua 4500
001 8449
008 130726n ii |||gr||||Z||||||eng
040 _aMAIN
041 _aEnglish
082 _bBHA
100 _aBhattacharyya,Dulal.
245 _aSamabay
250 _a1st.
260 _aDibrugarh:
_bBanalata.
300 _a188.
942 _cBK
999 _c8437
_d8437